Rice production techniques under flooded condition at royal university of agriculture បច្ចេកទេសផលិតកម្មដំណាំស្រូវក្រោមលក្ខខណ្ឌស្រែពន្លិចទឹក នៅសាកលវិទ្យាល័យភូមិន្ធកសិកម្ម. (Record no. 1258)

000 -LEADER
fixed length control field 00686nam a22001337a 4500
040 ## - CATALOGING SOURCE
Transcribing agency RUA
082 ## - DEWEY DECIMAL CLASSIFICATION NUMBER
Classification number AGR HOE 2013 BO55 Or.1
100 ## - MAIN ENTRY--AUTHOR NAME
Personal name HOEUN, DARANN
245 ## - TITLE STATEMENT
Title Rice production techniques under flooded condition at royal university of agriculture បច្ចេកទេសផលិតកម្មដំណាំស្រូវក្រោមលក្ខខណ្ឌស្រែពន្លិចទឹក នៅសាកលវិទ្យាល័យភូមិន្ធកសិកម្ម.
260 ## - PUBLICATION, DISTRIBUTION, ETC. (IMPRINT)
Place of publication phnom phen
Name of publisher RUA
Year of publication 2013
300 ## - PHYSICAL DESCRIPTION
Number of Pages X,56p.
Other physical details ill.
Dimensions 29cm.
856 ## - ELECTRONIC LOCATION AND ACCESS
Uniform Resource Identifier https://drive.google.com/file/d/1VPbOFENu8mXQQS57f5jZhIhb2YxlKL09/view?usp=sharing
942 ## - ADDED ENTRY ELEMENTS (KOHA)
Koha item type AGR
952 ## - LOCATION AND ITEM INFORMATION (KOHA)
Withdrawn status [LOCAL, KOHA] 0
952 ## - LOCATION AND ITEM INFORMATION (KOHA)
Withdrawn status [LOCAL, KOHA] 0
952 ## - LOCATION AND ITEM INFORMATION (KOHA)
Withdrawn status [LOCAL, KOHA] 0
952 ## - LOCATION AND ITEM INFORMATION (KOHA)
Withdrawn status [LOCAL, KOHA] 0
952 ## - LOCATION AND ITEM INFORMATION (KOHA)
Withdrawn status [LOCAL, KOHA] 0
952 ## - LOCATION AND ITEM INFORMATION (KOHA)
Withdrawn status [LOCAL, KOHA] 0
952 ## - LOCATION AND ITEM INFORMATION (KOHA)
Withdrawn status [LOCAL, KOHA] 0
952 ## - LOCATION AND ITEM INFORMATION (KOHA)
Withdrawn status [LOCAL, KOHA] 0
952 ## - LOCATION AND ITEM INFORMATION (KOHA)
Withdrawn status [LOCAL, KOHA] 0
Holdings
Permanent Location Date acquired Koha item type Lost status Shelving location Barcode Current Location Full call number
Library Block B2015-09-25AGR B055RUA006363Library Block BAGR HOE 2013 BO55 Or.1
Library Block B2015-09-25AGR B055RUA006436Library Block BAGR HOE 2013 BO55 Or.2
Library Block B2015-09-25AGR B055RUA006433Library Block BAGR HOE 2013 BO55 Or.3
Library Block B2015-09-25AGR B055RUA006073Library Block BAGR HOE 2013 BO55 Or.4
Library Block B2015-09-25AGR B055RUA006859Library Block BAGR HOE 2013 BO55 Or.5
Library Block B2015-09-25AGR B055RUA006076Library Block BAGR HOE 2013 BO55 Or.6
Library Block B2015-09-28AGR  RUA006217Library Block BAGR HOE 2013 BO55 Or.7
Library Block B2019-02-13AGR B1.218A36030Library Block BAGR HOE 2013 B1.218 Or.1
Library Block B2019-02-25AGR B1.222A35950Library Block BAGR HOE 2013 B1.222 Or.1
មជ្ឈមណ្ឌលឯការនៃសាកលវិទ្យាល័យភូមិន្ទកសិកម្មចំការដូង

Powered by Koha